| 000 | 00381nam a22001337a 4500 | ||
|---|---|---|---|
| 020 | _a978-1-118-09239-2 | ||
| 040 | _cSCME | ||
| 100 |
_aRichard M. Felder, Ronald W. Rousseau, Lisa G. Gullard _9127293 |
||
| 245 |
_aFelder's Elementary principles of chemical process / _cRichard M. Felder |
||
| 250 | _a4th ed. | ||
| 260 |
_aUS _bWiley _c2017 |
||
| 300 | _a507p. | ||
| 942 |
_2ddc _cBK |
||
| 999 |
_c608438 _d608438 |
||